| 000 | 01001nam0a22002651 4500 | ||
|---|---|---|---|
| 001 | rc\3017982 | ||
| 005 | 20250806201224.0 | ||
| 035 | _a(NLR Aleph) 007160205 | ||
| 090 |
_a19989 _c19989 |
||
| 100 | _a20041022d1941 u y0rusy50 ca | ||
| 101 | 0 | _arus | |
| 102 | _aRU | ||
| 105 | _ay z ||||y | ||
| 200 | 1 |
_aИнструкция по технике безопасности для дровоколов _fНар. ком. электропром-сти СССР, Гл. упр. телефон.-телеграф. пром-сти |
|
| 210 |
_aМосква _cСвязьиздат _d1941 |
||
| 215 |
_a8 с. _d12 см |
||
| 300 | _aБез тит. л. | ||
| 712 | 0 | 1 |
_aСССР _bГлавное управление телефонно-телеграфной промышленности _4570 |
| 801 | 0 |
_aRU _bNLR _gpsbo |
|
| 801 | 1 |
_aRU _bELAR _2rusmarc |
|
| 852 |
_aNLR _jТ14 Г-0/2 |
||
| 942 | _cBOOK | ||
| 945 | _aРоссийская национальная библиотека | ||
| 980 | _aNB | ||
| 980 | _aBV | ||